| 000 | 00451 a2200157 4500 | ||
|---|---|---|---|
| 005 | 20250505135402.0 | ||
| 020 | _a978-1-4727-4445-6 | ||
| 082 | _a658.15 ACC | ||
| 111 | _aACCA | ||
| 245 | _aACCA Paper P4 Advanced Financial Management | ||
| 250 | _a10th Ed. | ||
| 260 |
_aLondon, _bBPP Learning Media Ltd, _c2016. |
||
| 300 |
_axx, 462p.: ill.; table, _c29cm. |
||
| 856 |
_yAccess Online Book _fFinancial _dwww.bpp.comlearningmedia |
||
| 942 |
_2ddc _cBKS |
||
| 999 |
_c1942 _d1942 |
||